000 00445nam a2200193Ia 4500
003 OSt
005 20221005130125.0
006 a|||||r|||| 00| 0
007 ta
008 221004b |||||||| |||| 00| 0 eng d
024 _a112521
037 _cTextual
040 _aCRL
_cCRL
_beng
041 _2eng
_aeng
100 _aIlbery P L T
_9637635
245 0 _aRadiobiology
942 _cTEXL
_2cc
999 _c1056171
_d1056171